| 000 | 00932na a2200265 4500 | ||
|---|---|---|---|
| 001 | 15141 | ||
| 003 | MIRAKIL | ||
| 005 | 20181213155024.0 | ||
| 008 | 161020b tu 000 0 | ||
| 035 | _a15141 | ||
| 040 |
_aMilas _btur _cTR-AnCHP |
||
| 041 | _atur | ||
| 082 |
_a923.1561 İnönü,İ. _bİ57i 1997 |
||
| 090 | _a923.1561 İnönü,İ. İ57i 1997 | ||
| 100 | _aİnönü, İsmet | ||
| 245 |
_aİsmet İnönü'nün hatıraları _bGenç subaylık yıllarım (1884 - 1918) _cİsmet inönü; hazırlayan Sabahattin Selek |
||
| 246 | _aGenç subaylık yıllarım (1884 - 1918) | ||
| 260 |
_a[İstanbul] _bYeni Gün Haber Ajansı Basın ve Yayıncılık _c1997 |
||
| 300 |
_a112 s. _c18 sm. |
||
| 600 |
_aİnönü, İsmet _d1884 - 1973 _xAnılar |
||
| 650 |
_aDevlet adamları _xYaşamöyküsü _zTürkiye |
||
| 650 |
_aCumhurbaşkanları _xYaşamöyküsü _zTürkiye |
||
| 700 | _aSelek, Sabahattin | ||
| 942 |
_2dcc _cBKS |
||
| 999 |
_c4990 _d4990 |
||